01661cam a22002894a 450000100090000000300040000900500170001300800410003001000180007102000150008902000180010404000170012204200080013905000160014708200080016310000190017124500550019025000210024526000330026630000400029950400200033950508260035965000160118565000410120165000370124285600920127912915030OSt20221115113424.0020903s2004 maua b 001 0 eng  a 20109054326 a0070001499 a9780070001499 aDLCcLCdDLC apcc00aHF5636.F54 00a6571 aLibby, Robert.10aFinancial accounting. /cRobert Libby ... [et. al] a4th Canadian ed. aBoston:bMcGraw-Hill,c2011. axxvi, 789 p. :bcol. ill. ;c29 cm. aIncludes index. aContents: Financial statements and business decisions -- Investing and financing decisions and the statement of financial position -- Operating decisions and the income statement -- Adjustments, financial statements and the quality of earnings -- Reporting and interpreting cash flows -- Communicating and interpreting accounting information -- Reporting and interpreting sales revenue, receivables and cash -- Reporting and interpreting cost of sales and inventory -- Reporting and interpreting property, plant and equipment; natural resources; and intangibles -- Reporting and interpreting current liabilities -- Reporting and interpreting non-current liabilities -- Reporting and interpreting owners' equity -- Analyzing financial statements -- Reporting and interpreting investments in other corporations (online) --  0aAccounting. 0aCorporationsxAccounting.2Textbooks 0aFinancial statements.2Textbooks413Table of contents onlyuhttp://www.loc.gov/catdir/enhancements/fy0702/2002034780-t.html